000 nam a22 7a 4500
999 _c129192
_d129192
008 190312b xxu||||| |||| 00| 0 eng d
020 _a1-55635-039-2
050 _aBS2331.B67 2001
100 _aBoshoff, Piet B.
_945174
245 _aHistory and theology
_bWalter Schmithals on the unity of the new testament
_cPiet B. Boshoff
260 _aCarlifornia
_bPickwick
_c2001
300 _ax, 250p. ;
_c22cm.
600 _aSchimithals, Walter
_945187
650 _aBible. N.T.
_xHermeneutics
_945188
700 _aHadidian, Dikran Y. (ed.)
_945189
942 _2lcc
_cMONOGRAPH